Statistics for Multi Continent Nations

Click here to take the quiz!

General Stats

  • This quiz has been taken 75 times
    (35 since last reset)
  • The average score is 19 of 23

Answer Stats

HintAnswer% Correct
Europe/South and North America/Antartica/Asia/OceaniaFrance
100%
Europe/AsiaRussia
100%
Europe/AsiaTurkey
100%
Europe/South America/North America/AntarticaUK
100%
North America/Oceania/AsiaUSA
100%
Asia/Oceania/AntarticaAustralia
96%
Europe/North AmericaDenmark
91%
Asia/AfricaEgypt
91%
Asia/OceaniaIndonesia
91%
Europe/AfricaSpain
91%
Europe/AntarticaNorway
87%
Europe/North America/AfricaPortugal
87%
South America/AntarticaArgentina
83%
South America/AntarticaChile
83%
Oceania/AntarticaNew Zealand
83%
North America/South AmericaColombia
78%
Europe/North AmericaIceland
78%
Europe/AfricaItaly
74%
Europe/North AmericaNetherlands
70%
Asia/OceaniaJapan
65%
Europe/AsiaKazakhstan
61%
North America/South AmericaVenezuela
57%
Asia/AfricaYemen
57%

Score Distribution

Percentile by Number Answered

Percent of People with Each Score

Your Score History

You have not taken this quiz since the last reset